00357nam a2200145Ia 4500008004100000041000800041082001900049100001500068245002900083250001200112260003400124300000900158365001600167700002800183230718s9999 xx 000 0 und d aeng a621.381'5bSED aSedra A.S. aMicroelectronic Circuits a5th ed. c2005bOxford University Press a1283 cRs.b399.00 aSedra A.S. & Smith K.C.